00554nam a22001697a 450000500170000001000280001702000260004503500170007103500140008803700380010208200080014010000130014824500570016126000550021827000800027330000310035320240321110755.0 aB-756409-416 ENG-139838 a9789355736055c669.00 aB-756409-416 aEN-123370 aParth Booksellers & Distributors  a000 aTewani,G aJEE(Advanced) Vectors and 3D Geometry/cBy G.Tewani  aNew Delhi bCengage Learning India Pvt. Ltd.c2023 aT-303, 3rd Floor DAV Comlex, Plot 3 Mayur Vihar Phase 1bNew Delhi e110091 aVarious Pages. c24cm(Pbk)